[Event "Bad Woerishofen Seniors opA 23rd"]
[Site "Bad Woerishofen"]
[Date "2007.03.08"]
[Round "1"]
[White "Czeitschner, Roland"]
[Black "Weigel, Herbert"]
[Result "0-1"]
[WhiteElo "1768"]
[BlackElo "1977"]
[PlyCount "72"]
[EventDate "2007.03.08"]
[EventType "swiss"]
[EventRounds "9"]
[EventCountry "GER"]
[SourceTitle "EXT 2022"]
[Source "ChessBase"]
[SourceDate "2021.10.06"]
[SourceVersion "1"]
[SourceVersionDate "2021.10.06"]
[SourceQuality "1"]

1. d4 g6 2. c4 Bg7 3. Nc3 c5 4. e3 f5 5. g3 Nf6 6. Bg2 0-0 7. Nge2 Na6 8. 0-0 Rb8 9. Nb5 Ra8 10. a3 d6 11. d5 Nc7 12. Nbc3 Rb8 13. Qd3 Bd7 14. a4 Na6 15. Nb5 Nb4 16. Qb3 a6 17. Na3 Qe8 18. Nc2 b5 19. cxb5 axb5 20. a5 Na6 21. Qd3 c4 22. Qd1 Nc5 23. Ncd4 Nfe4 24. f3 Nf6 25. Qc2 Nxd5 26. f4 Nb4 27. Qd1 e5 28. Nc2 Nbd3 29. Rb1 Bc6 30. Ne1 Nxe1 31. Rxe1 Nd3 32. Rf1 Bxg2 33. Kxg2 exf4 34. Nxf4 Qe4+ 35. Kg1 Nxf4 36. Rxf4 Qxb1 0-1

[Event "Bad Woerishofen Seniors opA 22th"]
[Site "Bad Woerishofen"]
[Date "2006.03.23"]
[Round "7"]
[White "Czeitschner, Roland"]
[Black "Wawrinsky, Ludwig"]
[Result "0-1"]
[WhiteElo "1775"]
[BlackElo "1784"]
[PlyCount "94"]
[EventDate "2006.03.17"]
[EventType "swiss"]
[EventRounds "9"]
[EventCountry "GER"]
[SourceTitle "EXT 2022"]
[Source "ChessBase"]
[SourceDate "2021.10.06"]
[SourceVersion "1"]
[SourceVersionDate "2021.10.06"]
[SourceQuality "1"]

1. d4 Nf6 2. c4 e6 3. Nf3 b6 4. g3 Bb7 5. Bg2 Bb4+ 6. Bd2 Qe7 7. 0-0 Bxd2 8. Nbxd2 0-0 9. Re1 d6 10. e4 Nbd7 11. e5 dxe5 12. dxe5 Ng4 13. h3 Nh6 14. Qc2 Rfd8 15. Rad1 a5 16. h4 g6 17. Ne4 Kg7 18. Qc1 Bxe4 19. Rxe4 Nc5 20. Red4 Nf5 21. Rxd8 Rxd8 22. Rxd8 Qxd8 23. Bf1 h6 24. Qd2 Qd7 25. Bh3 Qxd2 26. Nxd2 Nd3 27. Bxf5 gxf5 28. b3 Nxe5 29. f4 Nd3 30. Kf1 Nc1 31. Kf2 Nxa2 32. Ke3 f6 33. Kd4 c5+ 34. Ke3 Nc1 35. Kf3 h5 36. Ke3 e5 37. fxe5 fxe5 38. Kf3 Kg6 39. Kf2 Kf6 40. Ke3 e4 41. Kf2 Ke6 42. Ke1 Ke5 43. Kd1 Nd3 44. Nf1 Kd4 45. Kd2 Ke5 46. Ke2 Nc1+ 47. Kd1 Nxb3 0-1

[Event "Bad Woerishofen Seniors opA 22th"]
[Site "Bad Woerishofen"]
[Date "2006.03.18"]
[Round "2"]
[White "Hein, Manfred"]
[Black "Czeitschner, Roland"]
[Result "1/2-1/2"]
[WhiteElo "2012"]
[BlackElo "1775"]
[PlyCount "81"]
[EventDate "2006.03.17"]
[EventType "swiss"]
[EventRounds "9"]
[EventCountry "GER"]
[SourceTitle "EXT 2022"]
[Source "ChessBase"]
[SourceDate "2021.10.06"]
[SourceVersion "1"]
[SourceVersionDate "2021.10.06"]
[SourceQuality "1"]

1. e4 e6 2. d4 d5 3. Nd2 c5 4. exd5 Qxd5 5. Ngf3 cxd4 6. Bc4 Qh5 7. 0-0 Nf6 8. Nxd4 Qxd1 9. Rxd1 a6 10. N2f3 b5 11. Be2 Bb7 12. Bg5 Be7 13. c3 Nbd7 14. h3 Nd5 15. Bxe7 Kxe7 16. a4 b4 17. c4 Nf4 18. Re1 Nc5 19. Bf1 Ncd3 20. Bxd3 Nxd3 21. Re3 Nc5 22. Nb3 Nxb3 23. Rxb3 Bxf3 24. gxf3 a5 25. Rd3 Rhd8 26. Rad1 Rxd3 27. Rxd3 Rc8 28. b3 Rc5 29. f4 g5 30. fxg5 Rxg5+ 31. Rg3 Rc5 32. Kf1 Re5 33. Rg8 Rc5 34. Rg4 Re5 35. Rg3 h6 36. Re3 Rf5 37. Ke2 Kd6 38. Rf3 Re5+ 39. Kd3 f5 40. Kd2 Re4 41. Rd3+ 1/2-1/2

[Event "Bad Woerishofen Seniors op 21st"]
[Site "Bad Woerishofen"]
[Date "2005.03.09"]
[Round "7"]
[White "Czeitschner, Roland"]
[Black "Mahrla, Hans"]
[Result "1-0"]
[WhiteElo "1766"]
[BlackElo "1626"]
[PlyCount "65"]
[EventDate "2005.03.03"]
[EventType "swiss"]
[EventRounds "9"]
[EventCountry "GER"]
[SourceTitle "EXT 2006"]
[Source "ChessBase"]
[SourceDate "2005.11.24"]
[SourceVersion "1"]
[SourceVersionDate "2005.11.24"]
[SourceQuality "1"]

1. b4 e5 2. Bb2 Bxb4 3. Bxe5 Nf6 4. c4 Nc6 5. Bb2 d6 6. Nc3 Be6 7. e3 0-0 8. Nf3 Bf5 9. Be2 Re8 10. 0-0 h6 11. d4 d5 12. Qb3 Be6 13. cxd5 Nxd5 14. Qc2 Nxc3 15. Bxc3 Bxc3 16. Qxc3 Bd5 17. h4 a6 18. Rab1 Rb8 19. Rb2 Ne7 20. Nd2 Bc6 21. h5 Nd5 22. Qc2 Qg5 23. Nf3 Qf6 24. Ne5 Rxe5 25. dxe5 Qg5 26. Bf3 Qxe5 27. Qd2 Ne7 28. Bxc6 Nxc6 29. Rc2 Rd8 30. Qc3 Qxc3 31. Rxc3 Rd5 32. Rb1 Na5 33. Rxc7 1-0

[Event "Regionalliga NW 0304"]
[Site "Bayern"]
[Date "2004.04.25"]
[Round "9.8"]
[White "Czeitschner, Roland"]
[Black "Neubauer, Jaroslaus"]
[Result "1-0"]
[WhiteElo "1833"]
[BlackElo "1947"]
[PlyCount "113"]
[EventDate "2003.10.12"]
[EventType "team-tourn"]
[EventRounds "9"]
[EventCountry "GER"]
[SourceTitle "EXT 2006"]
[Source "ChessBase"]
[SourceDate "2005.11.24"]
[SourceVersion "1"]
[SourceVersionDate "2005.11.24"]
[SourceQuality "1"]
[WhiteTeam "Kitzingen"]
[BlackTeam "Schweinfurt"]
[WhiteTeamCountry "GER"]
[BlackTeamCountry "GER"]

1. c4 c5 2. Nc3 Nc6 3. g3 e6 4. Bg2 g6 5. d3 Bg7 6. Nf3 Nge7 7. 0-0 0-0 8. e4 a6 9. Be3 d6 10. Qd2 Rb8 11. Bh6 e5 12. Nd5 Bg4 13. Bxg7 Kxg7 14. Ne3 Bxf3 15. Bxf3 Nd4 16. Bg2 b5 17. f4 f6 18. f5 bxc4 19. dxc4 g5 20. b3 a5 21. Rab1 Qb6 22. Nd5 Nxd5 23. exd5 Rf7 24. Be4 Rfb7 25. Kf2 Qa7 26. g4 Rb4 27. h4 h6 28. hxg5 hxg5 29. Rh1 a4 30. Rh5 Kg8 31. Rbh1 Qg7 32. Qd1 axb3 33. axb3 Rxb3 34. Rh8+ Qxh8 35. Rxh8+ Kxh8 36. Qh1+ Kg7 37. Qh5 Rb2+ 38. Kf1 Kf8 39. Qg6 Ke7 40. Qg7+ Kd8 41. Qxf6+ Kd7 42. Qg7+ Kc8 43. Qf8+ Kd7 44. Qg7+ Kc8 45. Qf8+ Kd7 46. Qf7+ Kc8 47. f6 Ra8 48. Qe8+ Kb7 49. Qd7+ Ka6 50. Qxd6+ Rb6 51. Qxe5 Rd8 52. f7 Rf8 53. Qe7 Rbb8 54. Bg6 Rh8 55. Qxc5 Ne6 56. dxe6 Rh3 57. f8Q 1-0

[Event "GER North-ch Seniors 6th"]
[Site "Bad Bevensen"]
[Date "2003.06.25"]
[Round "5"]
[White "Potthammel, Joerg"]
[Black "Czeitschner, Roland"]
[Result "1-0"]
[WhiteElo "2101"]
[BlackElo "1797"]
[PlyCount "59"]
[EventDate "2003.06.??"]
[EventType "swiss"]
[EventRounds "9"]
[EventCountry "GER"]
[SourceTitle "EXT 2006"]
[Source "ChessBase"]
[SourceDate "2005.11.24"]
[SourceVersion "1"]
[SourceVersionDate "2005.11.24"]
[SourceQuality "1"]

1. e4 e5 2. d4 exd4 3. Qxd4 Nc6 4. Qe3 d6 5. Nc3 Nf6 6. Bd2 Be7 7. 0-0-0 0-0 8. f3 a6 9. Qf2 Bd7 10. Nge2 Re8 11. Nf4 Ne5 12. g4 h6 13. Be2 c6 14. h4 Nh7 15. g5 hxg5 16. hxg5 Bxg5 17. Qh2 Bh6 18. Rdg1 Kf8 19. Ng6+ Nxg6 20. Bxh6 gxh6 21. Qxh6+ Ke7 22. Rxg6 Rh8 23. Qh4+ Kf8 24. Qh6+ Ke7 25. Qh4+ Kf8 26. Qf4 Qe7 27. Rgh6 f5 28. Rxd6 Rg8 29. Rhd1 Ke8 30. Rxd7 1-0

[Event "Wuerttemberg-ch Seniors 15th"]
[Site "Ellwangen"]
[Date "2003.04.18"]
[Round "8"]
[White "Nieswandt, Joseph"]
[Black "Czeitschner, Roland"]
[Result "0-1"]
[WhiteElo "1392"]
[BlackElo "1797"]
[PlyCount "97"]
[EventDate "2003.04.??"]
[EventType "swiss"]
[EventRounds "9"]
[EventCountry "GER"]
[SourceTitle "EXT 2006"]
[Source "ChessBase"]
[SourceDate "2005.11.24"]
[SourceVersion "1"]
[SourceVersionDate "2005.11.24"]
[SourceQuality "1"]

1. Nf3 Nf6 2. c4 g6 3. d4 Bg7 4. Nc3 d5 5. b3 c5 6. dxc5 Qa5 7. Bd2 dxc4 8. b4 Qc7 9. Rc1 0-0 10. e3 Nc6 11. Nb5 Qd8 12. Bxc4 Ne4 13. Qc2 Nxd2 14. Nxd2 a6 15. Nc3 Nxb4 16. Qb3 Nd3+ 17. Bxd3 Qxd3 18. Qc4 Rd8 19. Qxd3 Rxd3 20. Ndb1 Be6 21. 0-0 Rad8 22. a3 Bb3 23. h3 f5 24. g3 Rc8 25. Nd1 Bf6 26. h4 e6 27. Kg2 Be7 28. Nb2 Rdd8 29. Rc3 Bd5+ 30. Kh2 Bf6 31. Rfc1 Be4 32. Rc4 Bxb2 33. Rxe4 fxe4 34. Rc2 Bg7 35. Nd2 b6 36. c6 Rd6 37. c7 Rd7 38. Nxe4 Rdxc7 39. Rd2 Bf8 40. Ng5 Re8 41. Ne4 Kg7 42. a4 Be7 43. Rd4 Rd8 44. Rxd8 Bxd8 45. Nd6 Rc2 46. Kg2 Ra2 47. Nc4 Rxa4 48. Ne5 Bc7 49. Nd7 0-1

[Event "Wuerttemberg-ch Seniors 15th"]
[Site "Ellwangen"]
[Date "2003.04.17"]
[Round "7"]
[White "Czeitschner, Roland"]
[Black "Roggenstein, Bruno"]
[Result "0-1"]
[WhiteElo "1797"]
[BlackElo "1825"]
[PlyCount "82"]
[EventDate "2003.04.??"]
[EventType "swiss"]
[EventRounds "9"]
[EventCountry "GER"]
[SourceTitle "EXT 2006"]
[Source "ChessBase"]
[SourceDate "2005.11.24"]
[SourceVersion "1"]
[SourceVersionDate "2005.11.24"]
[SourceQuality "1"]

1. d4 d5 2. c4 e6 3. Nf3 Nf6 4. Nc3 Be7 5. Bf4 a6 6. e3 0-0 7. h3 dxc4 8. Bxc4 b5 9. Bd3 Bb7 10. 0-0 Nbd7 11. a3 c5 12. dxc5 Nxc5 13. Be2 Qb6 14. Be5 Rad8 15. Bd4 Qc6 16. Qc2 Ncd7 17. Bxf6 Bxf6 18. Rac1 Rc8 19. Bd3 g6 20. Be4 Qb6 21. Bxb7 Qxb7 22. Qe2 Rc4 23. Na2 Rfc8 24. Rxc4 Rxc4 25. Rc1 Nb6 26. b3 Rxc1+ 27. Nxc1 Qc7 28. Qd2 Be7 29. Qb2 Nd5 30. Ne2 Bf6 31. Qd2 Qc5 32. a4 b4 33. Nfd4 e5 34. Nf3 a5 35. Qc1 Nc3 36. Nxc3 bxc3 37. Qc2 e4 38. Nh2 Qd5 39. Nf1 Qd3 40. Qc1 c2 41. Nd2 Bc3 0-1

[Event "GER North-ch Seniors 5th"]
[Site "Bad Bevensen"]
[Date "2002.06.23"]
[Round "2"]
[White "Hunold, Rolf"]
[Black "Czeitschner, Roland"]
[Result "1-0"]
[WhiteElo "2240"]
[BlackElo "1839"]
[PlyCount "107"]
[EventDate "2002.06.??"]
[EventType "swiss"]
[EventRounds "9"]
[EventCountry "GER"]
[SourceTitle "EXT 2006"]
[Source "ChessBase"]
[SourceDate "2005.11.24"]
[SourceVersion "1"]
[SourceVersionDate "2005.11.24"]
[SourceQuality "1"]

1. e4 e5 2. Nf3 Nf6 3. Nxe5 d6 4. Nf3 Nxe4 5. Be2 Nc6 6. d3 Nf6 7. 0-0 Be7 8. d4 d5 9. c3 Bf5 10. Bf4 0-0 11. Nbd2 Re8 12. Bb5 Bd7 13. Bd3 h6 14. b4 a6 15. h3 Be6 16. Qc2 Bd6 17. Ne5 Nh5 18. Bh2 Qf6 19. f4 Qd8 20. Nb3 Nf6 21. Nc5 Bxc5 22. Nxc6 bxc6 23. bxc5 Bd7 24. Rfe1 Re7 25. Re5 Bc8 26. Rae1 Rxe5 27. Rxe5 Nd7 28. Re3 a5 29. Qe2 Nf6 30. Bg3 Bd7 31. Bh4 Kf8 32. Re5 Rb8 33. Qc2 Rb7 34. Qa4 Ra7 35. Bf5 Qb8 36. Bxd7 Nxd7 37. Re1 Qb5 38. Qxb5 cxb5 39. c6 Nb8 40. Re5 Nxc6 41. Rxd5 b4 42. Rc5 Ne7 43. c4 f6 44. Bf2 c6 45. d5 cxd5 46. cxd5 Rd7 47. d6 Ng6 48. f5 Nf4 49. Rxa5 Nd3 50. Rd5 Nf4 51. Rd2 Ke8 52. Be3 Nh5 53. g4 Ng3 54. Bf4 1-0

[Event "Bad Woerishofen Seniors op 18th"]
[Site "Bad Woerishofen"]
[Date "2002.03.13"]
[Round "7"]
[White "Czeitschner, Roland"]
[Black "Maertins, Leo"]
[Result "1-0"]
[WhiteElo "1821"]
[BlackElo "1642"]
[PlyCount "72"]
[EventDate "2002.03.??"]
[EventType "swiss"]
[EventRounds "9"]
[EventCountry "GER"]
[SourceTitle "EXT 2006"]
[Source "ChessBase"]
[SourceDate "2005.11.24"]
[SourceVersion "1"]
[SourceVersionDate "2005.11.24"]
[SourceQuality "1"]

1. d4 d5 2. c4 e6 3. Nf3 c5 4. cxd5 exd5 5. dxc5 Bxc5 6. e3 Nf6 7. Nc3 0-0 8. Be2 Nc6 9. 0-0 Re8 10. b3 a6 11. Bb2 b5 12. Rc1 Qd6 13. Qc2 Nd7 14. Rfd1 Ne7 15. Ne4 Qg6 16. Nxc5 Qxc2 17. Rxc2 Nxc5 18. Rxc5 Be6 19. Ng5 h6 20. Nxe6 fxe6 21. Rc7 Rac8 22. Rdc1 Rcd8 23. Bg4 Kf7 24. Ra7 Rc8 25. Rcc7 Rxc7 26. Rxc7 Rc8 27. Rxc8 Nxc8 28. Ba3 Na7 29. Bc5 Nc6 30. f4 g6 31. Kf2 h5 32. Be2 e5 33. fxe5 Nxe5 34. a4 bxa4 35. bxa4 Nc4 36. Bxc4 dxc4 1-0

[Event "Bad Woerishofen Seniors op 17th"]
[Site "Bad Woerishofen"]
[Date "2001.03.22"]
[Round "8"]
[White "Czeitschner, Roland"]
[Black "Kuehn, Peter1111"]
[Result "0-1"]
[WhiteElo "1808"]
[BlackElo "2003"]
[PlyCount "88"]
[EventDate "2001.03.??"]
[EventType "swiss"]
[EventRounds "9"]
[EventCountry "GER"]
[SourceTitle "EXT 2002"]
[Source "ChessBase"]
[SourceDate "2001.11.25"]
[SourceVersion "1"]
[SourceVersionDate "2001.11.25"]
[SourceQuality "1"]

1. d4 g6 2. c4 f5 3. g3 Nf6 4. Nc3 Bg7 5. Bg2 c6 6. Nf3 d6 7. 0-0 0-0 8. Qc2 Qe8 9. d5 Na6 10. a3 Nc7 11. dxc6 bxc6 12. b4 Rb8 13. e3 Bd7 14. Bb2 h6 15. h4 Ng4 16. Rad1 Qf7 17. Ne2 Bxb2 18. Qxb2 Qxc4 19. Rc1 Qf7 20. Qd2 d5 21. Nfd4 Qf6 22. Rc5 Ne5 23. Rc3 Nc4 24. Qc1 e5 25. Nb3 g5 26. Nc5 Be8 27. hxg5 hxg5 28. f3 f4 29. exf4 gxf4 30. gxf4 exf4 31. Kf2 Qh4+ 32. Kg1 Rf6 33. Qe1 Qh6 34. Nd4 Rg6 35. Rxc4 dxc4 36. Qe5 Qg5 37. Qe2 Bf7 38. Rd1 Re8 39. Qf2 Nd5 40. Rd2 Ne3 41. Ne4 Rxe4 42. fxe4 c3 43. Re2 Bc4 44. Nf3 Qh6 0-1

[Event "Bad Woerishofen Seniors op 17th"]
[Site "Bad Woerishofen"]
[Date "2001.03.19"]
[Round "5"]
[White "Wegener, Hans Karl"]
[Black "Czeitschner, Roland"]
[Result "1/2-1/2"]
[WhiteElo "2089"]
[BlackElo "1808"]
[PlyCount "58"]
[EventDate "2001.03.??"]
[EventType "swiss"]
[EventRounds "9"]
[EventCountry "GER"]
[SourceTitle "EXT 2002"]
[Source "ChessBase"]
[SourceDate "2001.11.25"]
[SourceVersion "1"]
[SourceVersionDate "2001.11.25"]
[SourceQuality "1"]

1. e4 e5 2. Nf3 Nf6 3. Nxe5 d6 4. Nf3 Nxe4 5. Qe2 Qe7 6. d3 Nf6 7. Nc3 c6 8. Ne4 Nxe4 9. dxe4 Bg4 10. Bd2 Nd7 11. h3 Bh5 12. 0-0-0 0-0-0 13. Qe3 Bxf3 14. gxf3 Kb8 15. Kb1 f6 16. h4 h5 17. Be2 g6 18. Qa3 Ne5 19. Be3 b6 20. Rhg1 d5 21. Qxe7 Bxe7 22. exd5 cxd5 23. f4 Nc4 24. Rxg6 Nxe3 25. fxe3 f5 26. Rg7 Bc5 27. Ba6 Bxe3 28. Rb7+ Ka8 29. Rf7 Bxf4 1/2-1/2

[Event "Bad Woerishofen Seniors op 17th"]
[Site "Bad Woerishofen"]
[Date "2001.03.18"]
[Round "4"]
[White "Czeitschner, Roland"]
[Black "Schumacher, Horst"]
[Result "1-0"]
[WhiteElo "1808"]
[BlackElo "1687"]
[PlyCount "35"]
[EventDate "2001.03.??"]
[EventType "swiss"]
[EventRounds "9"]
[EventCountry "GER"]
[SourceTitle "EXT 2002"]
[Source "ChessBase"]
[SourceDate "2001.11.25"]
[SourceVersion "1"]
[SourceVersionDate "2001.11.25"]
[SourceQuality "1"]

1. d4 d5 2. c4 Bf5 3. cxd5 Bxb1 4. Rxb1 Qxd5 5. a3 Nc6 6. Nf3 0-0-0 7. e3 e5 8. Be2 exd4 9. exd4 Nxd4 10. 0-0 Qe4 11. Nxd4 Qxb1 12. Bg4+ f5 13. Bxf5+ Qxf5 14. Nxf5 Rxd1 15. Rxd1 g6 16. Bg5 b6 17. Rd8+ Kb7 18. Rxf8 1-0

[Event "Bad Woerishofen Seniors op 17th"]
[Site "Bad Woerishofen"]
[Date "2001.03.16"]
[Round "2"]
[White "Czeitschner, Roland"]
[Black "Thielemann, Joachim"]
[Result "1/2-1/2"]
[WhiteElo "1808"]
[BlackElo "2061"]
[PlyCount "80"]
[EventDate "2001.03.??"]
[EventType "swiss"]
[EventRounds "9"]
[EventCountry "GER"]
[SourceTitle "EXT 2002"]
[Source "ChessBase"]
[SourceDate "2001.11.25"]
[SourceVersion "1"]
[SourceVersionDate "2001.11.25"]
[SourceQuality "1"]

1. d4 Nf6 2. c4 e5 3. dxe5 Ng4 4. Nf3 Bc5 5. e3 Nc6 6. Be2 Ngxe5 7. 0-0 d6 8. Nc3 a5 9. b3 0-0 10. Bb2 Re8 11. Nd4 Bd7 12. Na4 Ba7 13. Nb5 Bb8 14. Nac3 Ne7 15. Qd2 Bc6 16. Rad1 Qd7 17. Nd4 Ba7 18. Ncb5 Bc5 19. a3 f6 20. b4 axb4 21. axb4 Bb6 22. Ra1 Bxb5 23. Nxb5 Qe6 24. Qc3 c6 25. c5 dxc5 26. bxc5 cxb5 27. cxb6 Qxb6 28. Qb3+ Kh8 29. Qxb5 Qxb5 30. Bxb5 Rec8 31. Bxe5 fxe5 32. Rxa8 Rxa8 33. Rd1 Kg8 34. Rd7 Ra1+ 35. Bf1 Kf8 36. Rxb7 Nd5 37. g3 Rd1 38. Kg2 Rd2 39. Kf3 Nf6 40. e4 Rd4 1/2-1/2

[Event "Bad Woerishofen Seniors op 17th"]
[Site "Bad Woerishofen"]
[Date "2001.03.15"]
[Round "1"]
[White "Thonig, Manfred"]
[Black "Czeitschner, Roland"]
[Result "0-1"]
[WhiteElo "1587"]
[BlackElo "1808"]
[PlyCount "72"]
[EventDate "2001.03.??"]
[EventType "swiss"]
[EventRounds "9"]
[EventCountry "GER"]
[SourceTitle "EXT 2002"]
[Source "ChessBase"]
[SourceDate "2001.11.25"]
[SourceVersion "1"]
[SourceVersionDate "2001.11.25"]
[SourceQuality "1"]

1. f4 d5 2. b3 Nf6 3. Bb2 e6 4. Nf3 Bd6 5. e3 c5 6. Bb5+ Bd7 7. Bxd7+ Nbxd7 8. Ne5 0-0 9. 0-0 Rc8 10. d4 Ne4 11. Nd2 Ndf6 12. Rf3 Nxd2 13. Qxd2 Ne4 14. Qe2 f6 15. Ng4 c4 16. bxc4 Rxc4 17. Rh3 Qb6 18. c3 Nxc3 19. Bxc3 Rxc3 20. Nxf6+ Rxf6 21. Qh5 h6 22. Rf1 Qc7 23. g4 Bxf4 24. Rxf4 Rxf4 25. exf4 Rxh3 26. Qxh3 Qxf4 27. a3 Qxd4+ 28. Kf1 Qf4+ 29. Ke1 b5 30. Qh5 Kh7 31. Qh3 Qe4+ 32. Kd2 b4 33. axb4 Qxb4+ 34. Kc2 a5 35. g5 Qe4+ 36. Kb3 Qf5 0-1